A revolution in manufacturing : the SMED system

Zapisane w:
Opis bibliograficzny
1. autor: Shingo, Shigeo
Format: Książka
Język:Undetermined
Wydane: Stamford, Conn. Productivity Press 1985
Hasła przedmiotowe:
Etykiety: Dodaj etykietę
Nie ma etykietki, Dołącz pierwszą etykiete!
Thư viện lưu trữ: Trung tâm Học liệu Trường Đại học Cần Thơ
LEADER 00583nam a2200205Ia 4500
001 CTU_95142
008 210402s9999 xx 000 0 und d
082 |a 658.5 
082 |b S555 
100 |a Shingo, Shigeo 
245 2 |a A revolution in manufacturing : 
245 4 |b the SMED system 
245 0 |c Shigeo Shingo. 
260 |a Stamford, Conn. 
260 |b Productivity Press 
260 |c 1985 
650 |a Production management.,Production management,Dies (metal-working) 
650 |z Japan 
904 |i Năm 
980 |a Trung tâm Học liệu Trường Đại học Cần Thơ